000
00387nam a22001577a 4500
003
MPLRDC
005
20220104123515.0
008
210129b ||||| |||| 00| 0 eng d
082
_a
225 CBD-2
100
_a
陈柏达居士
245
_a
净土风光
_c
260
_a
_b
佛陀教育基金会
_c
1992
300
_b
平
650
_a
佛教佈教及信仰生活
942
_c
BK
_o
225 CBD-2
999
_c
11978
_d
11968